Home Print Resources E-Books E-Journals IIMT Lecture Series Library Membership Form Book Recommendation Form Campus Tour Take AdmissionAbout Us Contact Us

COMPUTER GRAPHICS(SCHAUM'S OUTLINE) (Record no. 43975)

000 -LEADER
fixed length control field nam a22 7a 4500
003 - CONTROL NUMBER IDENTIFIER
control field OSt
005 - DATE AND TIME OF LATEST TRANSACTION
control field 20180415120427.0
008 - FIXED-LENGTH DATA ELEMENTS--GENERAL INFORMATION
fixed length control field 180415b xxu||||| |||| 00| 0 eng d
040 ## - CATALOGING SOURCE
Transcribing agency IIMT
100 ## - MAIN ENTRY--PERSONAL NAME
Personal name XIANG,ZHIGANG
245 ## - TITLE STATEMENT
Title COMPUTER GRAPHICS(SCHAUM'S OUTLINE)
260 ## - PUBLICATION, DISTRIBUTION, ETC.
Place of publication, distribution, etc. NEW DELHI
Name of publisher, distributor, etc. TMH
Date of publication, distribution, etc. 2011
300 ## - PHYSICAL DESCRIPTION
Extent 407
942 ## - ADDED ENTRY ELEMENTS (KOHA)
Source of classification or shelving scheme
Koha item type Text-Book- for 7 days
Holdings
Withdrawn status Lost status Source of classification or shelving scheme Damaged status Not for loan Home library Current library Date acquired Source of acquisition Cost, normal purchase price Total Checkouts Full call number Barcode Date last seen Price effective from Koha item type
          NOIDA IIMT College of Engineering M.Tech NOIDA IIMT College of Engineering M.Tech 04/15/2018 KIRTI 399.00   006.6 XIA 23-B-65 04/15/2018 04/15/2018 Text-Book- for 7 days
          NOIDA IIMT College of Engineering M.Tech NOIDA IIMT College of Engineering M.Tech 04/15/2018 KIRTI 399.00   006.6 XIA 23-B-66 04/15/2018 04/15/2018 Text-Book- for 7 days
          NOIDA IIMT College of Engineering M.Tech NOIDA IIMT College of Engineering M.Tech 04/15/2018 KIRTI 399.00   006.6 XIA 23-B-67 04/15/2018 04/15/2018 Text-Book- for 7 days
          NOIDA IIMT College of Engineering M.Tech NOIDA IIMT College of Engineering M.Tech 04/15/2018 KIRTI 399.00   006.6 XIA 23-B-68 04/15/2018 04/15/2018 Text-Book- for 7 days
IIMT, Central Library. All Rights Reserved IIMT,UNIVERSITY © 2023
Implemented and Customised by I CLOUDE EMS
You Are OPAC Visitor No
free web counter

Powered by Koha